| 000 | 01129cam a2200289 a 4500 | ||
|---|---|---|---|
| 999 |
_c401 _d401 |
||
| 001 | 12148185 | ||
| 003 | OSt | ||
| 005 | 20180817102510.0 | ||
| 008 | 000818s2000 tnu b 000 0 eng | ||
| 010 | _a 00064653 | ||
| 020 | _a0849942365 | ||
| 040 |
_aDLC _cDLC _dDLC |
||
| 050 | 0 | 0 |
_aBV4527 _b.B688 2000 |
| 082 | 0 | 0 |
_a248.8/43 _2248 _bT843F |
| 100 | 1 |
_aBrestin, Dee, _d1944- |
|
| 245 | 1 | 0 |
_aFalling in love with Jesus : _babandoning yourself to the greatest romance of your life / _cby Dee Brestin and Kathy Troccoli. |
| 260 |
_aNashville : _bWord, _cc2000. |
||
| 300 |
_aviii, 197 p. ; _c24 cm. |
||
| 504 | _aIncludes bibliographical references. | ||
| 650 | 0 |
_aChristian women _xReligious life. |
|
| 650 | 0 |
_aLove _xReligious aspects _xChristianity. |
|
| 700 | 1 | _aTroccoli, Kathy. | |
| 856 | 4 | 2 |
_3Publisher description _uhttp://www.loc.gov/catdir/enhancements/fy0610/00064653-d.html |
| 906 |
_a7 _bcbc _corignew _d1 _eocip _f20 _gy-gencatlg |
||
| 942 |
_2ddc _cBK |
||